| 000 | 00931cam a2200277 4500 | ||
|---|---|---|---|
| 008 | 090401t1997 xxu||||| |||| 00| 0 eng d | ||
| 020 | _a0854068260 | ||
| 035 | _a(Sirsi) u77118 | ||
| 041 | _aeng | ||
| 050 | _a333.33 | ||
| 110 |
_aRoyal Institution of Chartered Surveyors _94900 |
||
| 245 | _aProcuring property consultancy in an age of change : the role of the intelligent client. | ||
| 260 |
_aLondon _bRICS _c1997 |
||
| 300 | _aviii,64p. ; 30cm. | ||
| 350 | _a7.95 | ||
| 520 | _aA research project carried out for the RICS by the College of Estate Management. Funded by the Central Government Support Panel of the RICS. | ||
| 650 | _aCENTRAL GOVERNMENT | ||
| 650 | _aINTELLIGENT CLIENT | ||
| 650 | _aPROPERTY CONSULTANCY | ||
| 650 | _aPROPERTY CONSULTANTS | ||
| 650 |
_aProperty management _96262 |
||
| 650 | _aPROPERTY SERVICES | ||
| 690 | _aPROPERTY LAW AND PRACTICE | ||
| 942 | _n0 | ||
| 948 | _c17/03/1997 | ||
| 999 |
_c96279 _d96279 |
||